|
|
|
|
| LEADER |
00000cam a2200000 7i4500 |
| 001 |
0000000992 |
| 005 |
20131205.0 |
| 020 |
0 |
0 |
|a 8186247106
|
| 090 |
0 |
0 |
|a 633.58
|b BAN 1995
|
| 100 |
1 |
0 |
|a BANIK
|h Lal Ratan
|
| 245 |
1 |
2 |
|a A manual for vegetative propagation of bamboos
|c Ratan Lal Banik
|
| 260 |
0 |
0 |
|a New Delhi, India :
|b International Network for Baboo and Rattan ,
|c 1995
|
| 300 |
|
|
|a 66 p. :
|b ill. ;
|c 21 cm.
|
| 500 |
0 |
0 |
|a Bibliography : [p.65-66]
|
| 650 |
0 |
0 |
|a Bamboo
|x Handbooks, manuals, etc.
|
| 710 |
1 |
1 |
|a International Network for Bamboo and Rattan (INBAR)
|
| 998 |
|
|
|a JPSM
|
| 999 |
|
|
|a 0000002401
|b Monograph
|c Open Shelf
|e Default branch
|